|
|
|
|
| LEADER |
00000cam a2200000 7i4500 |
| 001 |
0000000659 |
| 005 |
20151222.0 |
| 008 |
070702 |
| 020 |
|
|
|a 9679389316(set)
|
| 020 |
|
|
|a 9679389340
|
| 090 |
0 |
0 |
|a JF
|b AD MAL (347)
|
| 100 |
0 |
|
|a Rosnah M.D
|
| 245 |
1 |
0 |
|a Cabaran
|c Rosnah M.D
|
| 260 |
|
|
|a Selangor :
|b Sama Publications & Distributors ,
|c 2004
|
| 440 |
|
0 |
|a Siri novel kreatif remaja
|
| 500 |
|
|
|a Children ages 7-9 years old (orange)
|
| 650 |
|
0 |
|a Detective and mystery stories, Malay
|
| 650 |
|
0 |
|a Malay fiction
|
| 999 |
|
|
|a 0000091844
|b Book
|c Children Collection
|e Cawangan Bukit Gambir
|
| 999 |
|
|
|a 0000918444
|b Book
|c Children Collection
|e Cawangan Bukit Gambir
|
| 999 |
|
|
|a 0000918445
|b Book
|c Children Collection
|e Cawangan Bukit Gambir
|
| 999 |
|
|
|a 0000927341
|b Book
|c Children Collection
|e Cawangan Tangkak
|
| 999 |
|
|
|a 0000959231
|b Book
|c Children Collection
|e Perbadanan Perpustakaan Awam Johor
|
| 999 |
|
|
|a 0000959232
|b Book
|c Children Collection
|e Perbadanan Perpustakaan Awam Johor
|
| 999 |
|
|
|a 0000959233
|b Book
|c Children Collection
|e Cawangan Kota Tinggi
|
| 999 |
|
|
|a 0000959235
|b Book
|c Children Collection
|e Cawangan Tangkak
|